00899 a2200217 4500003000500000005001700005040000900022082001000031100003400041245011800075260003300193300001400226505015400240538002900394650001400423651001100437942000800448999001900456952010300475952010300578Nust20170207153154.0 cNust a005.8 aKhan, Uzma Aslam (MSIS-4) aAnalysis of skype security features to facilitate its detection, classification and blockingcUzma Aslam Khan  bMCS (NUST)c2008aRawalpindi axi, 83 p. aIntroduction (page-1) Literature review (page-6) Methodology (page-20) Skype traffic analysis (page-24) Blocking skype (page-56) Conclusion (page-71) aAlmirah No 70 Shelf No 4 aPG Thesis aMSIS-4 cTHS c180689d180689 00102ddc40708NFICaMCSbMCSd2016-12-12l0o005.8 KHApMCSTIS-33r2016-12-08w2016-12-12yBK 00102ddc40708NFICaMCSbMCSd2016-12-12l0o005.8 KHApMCSTIS-75r2016-12-08w2016-12-12yBK